ISC Commerce : (Record no. 138069)

MARC details
000 -LEADER
fixed length control field 00594nam a22002057a 4500
005 - DATE AND TIME OF LATEST TRANSACTION
control field 20230627162840.0
010 ## - LCCN (DPL NO)
LC control number ENG-117457
020 ## - INTERNATIONAL STANDARD BOOK NUMBER
International Standard Book Number 9789352550692
Terms of availability 350.00
035 ## - SYSTEM CONTROL NUMBER
System control number EN-100989
037 ## - SOURCE OF ACQUISITION
Source of stock number/acquisition DBAD/PUB
082 ## - DEWEY DECIMAL CLASSIFICATION NUMBER
Classification number 657
100 ## - MAIN ENTRY--PERSONAL NAME
Personal name Mukherjee,S
245 ## - TITLE STATEMENT
Title ISC Commerce :
Statement of responsibility, etc by S.Mukherjee,D,Dutta [and] C.D.Gupta
Remainder of title Class XI /
260 ## - PUBLICATION, DISTRIBUTION, ETC. (IMPRINT)
Place of publication, distribution, etc Kolkata
Name of publisher, distributor, etc New Central Book Agency
Date of publication, distribution, etc 2017
270 ## - ADDRESS
Address 8/1 Chintamoni Das Lane
City Kolkata
Postal code 700009
300 ## - PHYSICAL DESCRIPTION
Extent xvi,472p.
Dimensions 24cm (pbk)
700 ## - ADDED ENTRY--PERSONAL NAME
Personal name Datta.D.
700 ## - ADDED ENTRY--PERSONAL NAME
Personal name Gupta C. D.
942 ## - ADDED ENTRY ELEMENTS (KOHA)
Source of classification or shelving scheme Dewey Decimal Classification
Item type English Books
Classification part 657
Call number suffix MUK
Holdings
Withdrawn status Lost status Not for loan Collection code Home library Current library Date acquired Source of acquisition Cost, normal purchase price Full call number Barcode Copy number Cost, replacement price Koha item type
      Non-fiction Bawana Bawana 06/03/2017 DBAD/PUB 350.00 657 MUK EN-100989 1 350.00 English Books

© Delhi Public Library
Hit Counter
free hit counter